Представление документа в формате RUSMARC

ПолеНазваниеЗначение
  Тип записи a
  Библиографический уровень m
001 Контрольный номер UONB/MAIN/e46f63df6d5e4f24ac335a0cd61d7538
005 Дата корректировки 20260428162206.8
010 Индекс ISBN __
b Уточнения в пер.
d Цена 1 р. 10 к.
9 Тираж 10000 экз.
100 Данные общей обработки __
a Данные общей обработки 20260428d1980 u y0rusy0189 ca
101 Язык документа 0_
a Язык текста rus
102 Страна публикации __
a Страна публикации RU
105 Кодированные данные (монография) __
a Кодированные данные (монография) a j 000yy
200 Заглавие и сведения об ответственности 1_
a Заглавие Технологическое оборудование предприятий общественного питания
e Сведения, относящиеся к заглавию учебник для технологических отделений техникумов советской торговли и общественного питания
f Первые сведения об ответственности М. И. Беляев, Э. А. Бунимов, Н. С. Васильченко и другие
g Последующие сведения об ответственности под редакцией М. И. Беляева
203 Вид содержания и тип средства __
a Вид содержания Текст
b Характеристика содержания визуальный
c Тип средства непосредственный
210 Выходные данные 1_
a Место издания Киев
c Издательство Вища школа
d Дата издания 1980
215 Физическое описание __
a Объем 328 с.
c Иллюстрации/тип воспроизводства ил.
d Формат 22 см
606 Тематические рубрики 0_
a Основная рубрика Общественное питание, предприятия
x Основная подрубрика Оборудование
j Формальный подзаголовок Учебники и пособия
610 Ключевые слова 0_
a Ключевые слова общественное питание; предприятия общественного питания; технология приготовления пищи
675 Индекс УДК __
a Индекс УДК 6П8.9-08
686 Индексы других классификаций __
2 Код системы rubbk
701 Альтернативная интеллектуальная ответственность _1
a Фамилия Беляев
b Имя (инициалы) М. И.
g Полное личное имя Михаил Иванович
701 Альтернативная интеллектуальная ответственность _1
a Фамилия Бунимов
b Имя (инициалы) Э. А.
701 Альтернативная интеллектуальная ответственность _1
a Фамилия Васильченко
b Имя (инициалы) Н. С.
701 Альтернативная интеллектуальная ответственность _1
a Фамилия Васильченко
b Имя (инициалы) Н. С.
702 Вторичная интеллектуальная ответственность _1
a Фамилия Беляев
b Имя (инициалы) М. И.
g Полное личное имя Михаил Иванович
4 Код отношения 340
801 Источник записи _0
a Страна RU
b Организация Ульяновская ОНБ
c Дата составления 20260428
g Правила каталогизации RCR
801 Источник записи _1
a Страна RU
b Организация Ульяновская ОНБ
c Дата составления 20260428
g Правила каталогизации RCR
901 Тип документа __
t Тип документа m
909 Создатель записи __
a Создатель записи Агапова
b Дата создания записи 20260428